000 00676cam a2200253 4500500
005 20260329004831.0
041 _afre
042 _adc
100 1 0 _aLegros, Martin
_eauthor
245 0 0 _aÉcorchés vifs
260 _c2021.
500 _a99
690 _aAnatomie
690 _aColère
690 _aÉnervement
690 _aModernité
690 _aPaul Valéry
690 _aSartre
690 _aSensibilité
690 _aTechnique
690 _aTemps
786 0 _nPhilosophie magazine | 150 | 6 | 2021-06-01 | p. 38-38 | 1951-1787
856 4 1 _uhttps://shs.cairn.info/magazine-philosophie-magazine-2021-6-page-38?lang=fr&redirect-ssocas=7080
999 _c1837764
_d1837764